Znani Niemcy - Statystyki

Ogólne statystyki
  • Ten quiz został rozwiązany 137 razy
  • Średni wynik to 10 z 22
Statystyki odpowiedzi
Wskazówka Niemiec % Poprawnych
Odkrył względność Albert Einstein
91%
Pierwsza kobieta kanclerz Angela Merkel
87%
Najbardziej znany niemiec historycznie (urodzony w Austrii) Adolf Hitler
86%
"Żelazny Kanclerz", który zjednoczył Niemcy. Otto von Bismarck
75%
Rozpoczął reformację protestancką Marcin Luter
73%
Papież, 2005-2013 Papież Benedykt XVI
73%
Twórca prasy drukarskiej Jan Gutenberg
70%
Siedmiokrotny mistrz Formuły 1 Michael Schumacher
53%
"Lis Pustyni", generał z II wojny światowej Erwin Rommel
51%
Autor "Fausta" Johann Wolfgang von Goethe
42%
"Sonata Księżycowa" Ludwig van Beethoven
42%
"Koncerty Brandenburskie" Johann Sebastian Bach
40%
Kanclerz, który odbudował RFN (1949-1963) Konrad Adenauer
35%
Cesarz z I wojny światowej Wilhelm II
34%
Filozof, który powiedział: "Bóg umarł" Friedrich Nietzsche
30%
"Jazda Walkirii" Richard Wagner
26%
"Das Kapital" Karl Marx
23%
"Wielki" Król Prus Fryderyk Wielki
20%
Autor "Blaszanego bębenka" Günter Grass
20%
Modelka telewizyjna, która mówi "Do widzenia" Heidi Klum
15%
Zwycięzca 22 turniejów wielkoszlemowych w tenisie Steffi Graf
15%
Ojciec rakietologii Wernher von Braun
15%
Nie znaleziono quizów pasujących do podanych kryteriów
Rozkład punktacji
Procent ludzi z każdym wynikiem
Percentyl według liczby udzielonych odpowiedzi
Twoja historia wyników
Nie rozwiązałeś tego quizu